000 00560nam a2200169 a 4500
005 20260112063302.0
039 _a202110281258
_bstaff
_c201210250042
_d staff
_y 201010070326
_z staff
082 _a651.3
_bMUT [ Shelf 38 ]
100 _aMuthuswamy
245 _aSwamy's Compilation of FR & SR Part II :
_bTravelling Allowances /
_cMuthuswamy and Brinda
260 _aChennai :
_bSwamy Publishers ,
_c2009
300 _a256p.
650 _aTravelling Allowances
991 _aVIRTUA40
991 _aVTLSSORT0080*0820*1000*2450*2600*3000*6500*9992
909 _a3661
999 _c3240
_d3240